| 000 | 00800nam a22001937a 4500 | ||
|---|---|---|---|
| 003 | BD-ChCU | ||
| 005 | 20260405113436.0 | ||
| 008 | 260405b bg ||||| |||| 00| 0 ben d | ||
| 020 | _a9789849408499 | ||
| 040 | _cBD-ChCU | ||
| 082 |
_222 _a৩৭০.১১৫ ফ্রেই ১ অ |
||
| 100 |
_aফ্রেইরী, পাওলো _921147 |
||
| 245 |
_aঅত্যাচারিতের শিক্ষা / _cপাওলো ফ্রেইরী |
||
| 260 |
_aঢাকা : _bপাঠক সমাবেশ, _c২০২০ |
||
| 300 |
_a২৭৫পৃ. : _c২২ সেমি |
||
| 650 | 0 |
_aসমালোচেনামূলক শিক্ষা _921149 |
|
| 700 |
_aভূইয়া,আমিনুল ইসলাম _eঅনুবাদক _921151 |
||
| 942 |
_2ddc _cBK _n0 |
||
| 999 |
_c112043 _d112043 |
||